000 01050nam0a22002771 4500
001 v19\rc\1476043
005 20060620112435.0
035 _a(NLR Aleph) 004610279
090 _a2903921
_c2903921
100 _a20060620d1878 |||y0rusy50 ca
101 0 _arus
102 _aRU
105 _ay j |||||
200 1 _aПолитическая экономия
_eЛекции проф. Грифцова
_eIII кл. [Имп. уч-ща правоведения]
_e1877-1878
_fСост. Мравинский
210 _a[Санкт-Петербург]
_cлит. Курочкина
_d[1878]
215 _a304 с.
309 _aНаписано от руки. Литогр.
316 _aЭкз. РНБ (18.123.2.52): деф.: отсутствует конец
_5NLR: 18.123.2.52
700 1 _aГрифцов
_bН. А.
_gНиколай Афанасьевич
702 1 _aМравинский
_4220
801 0 _aRU
_bNLR
_gpsbo
801 0 _aRU
_bRuMoRGB
_2psbo
801 1 _aRU
_bProSoft-M
_2rusmarc
852 _aNLR
_j18.123.2.52
942 _cBOOK
980 _aNB